00671nam a2200181 i 450000100060000000300090000600500170001500700030003200800410003510000430007624501140011926000360023330000220026970000270029185200320031899900170035095201220036779056ES-MaACL20251019063047.0t|041019s1970 sp ||||1| spa d1 aHemingway, Ernest, d1899-1961924237710aAl otro lado del río y entre los árboles b: novela / cErnest Hemingway ; [traducción, Manuel Gurrea]. aBarcelona : bPlaneta, c[1970] a308 p. ; c20 cm.1 aGurrea, Manuel.960995 aES-MaACLjC-39937 bR.75624 c79056d79056 00104070aATENEOMbATENEOMcDEPO2d2008-01-17eSCl0oC-39937p1082678r2023-02-23 00:00:00w2023-02-23yMONOGRAFIA